El Projecte d'autonomia de la Mancomunitat de Catalunya del 1919 i el seu context històric / Albert Balcells
Descripción Física:
348 p. : fot. ; 27 cm
MARC
| LEADER | 00000nam a2200000Ia 4500 | ||
|---|---|---|---|
| 001 | 22616 | ||
| 008 | 160829s2010 xx 000 0 cat d | ||
| 080 | |a H-3-103 | ||
| 100 | |a Balcells, Albert |9 31713 | ||
| 245 | |a El Projecte d'autonomia de la Mancomunitat de Catalunya del 1919 i el seu context històric / Albert Balcells | ||
| 250 | |a Ed. no venal | ||
| 260 | |a Barcelona : |b Parlament de Catalunya, |c 2010 | ||
| 300 | |a 348 p. : |b fot. ; |c 27 cm | ||
| 590 | |a Bibliografia. | ||
| 590 | |a Text en català, castellà i anglès. | ||
| 590 | |a S'ha utilitzat el fons de l'Arxiu General de la Diputació de Barcelona | ||
| 610 | 0 | |a Catalunya. |b Mancomunitat |x Història |9 19438 | |
| 651 | 0 | |a Catalunya |x Història |x Autonomia i moviments independentistes |9 53832 | |
| 651 | 0 | |a Catalunya |x Política i govern |y S. XX |9 55663 | |
| 710 | 1 | |a Catalunya. |b Parlament |9 11492 | |
| 901 | |a Arxiu | ||
| 942 | |n 1 | ||
| 952 | |0 0 |1 0 |4 0 |6 H3103 |7 1 |9 52023 |a Arxiu |b Arxiu |d 2016-12-01 |l 0 |o H-3-103 |p 22616 |r 2016-12-01 00:00:00 |w 2016-12-01 |y ARXIU | ||
| 999 | |c 55871 |d 55871 | ||